00740nam a22002297a 4500003000400000005001700004020001800021082002000039245010000059260004500159300001600204534000900220546001200229650002600241650001200267650002300279650002000302700002200322942001200344999001900356952013500375OSt20260223180000.0 a9780198097532 a338.954bASH/OX aOxford handbook of the Indian economy in the 21st centuryb:understanding the inherent dynamism aNew DelhibOxford University Pressc2014 axxvii,965p. n2014 aEnglish a Economic development a India  a21st century India aEconomic policy aAshima Goyal, Ed. 2ddccBK c374425d374425 00102ddc40708GenaKAUCLVbKAUCLVcGENERALd2026-02-23g2495.00l0o338.954 ASH/OXp233240r2026-02-23 18:00:00w2026-02-23yBK